000 00423nam a2200205Ia 4500
001 000832
003 YMCAF
005 20230512160036.0
008 100717s1971 ||||||||||||||||| ||und|d
024 _a832
035 _a814
040 _aYMCAF
_beng
_cIN-KoLT
041 _aeng
082 _aPRO-LEI
100 _aLEIT MAN GEORGE
245 0 _aPROBLAM IN MECH....
260 _c1971
300 _a247
942 _2ddc
_cBK
999 _c648
_d648